| 000 | 01448cam a22002655a 4500 | ||
|---|---|---|---|
| 001 | E148165 | ||
| 008 | 090810s2009 xxk f 000 0 eng u | ||
| 020 | _a9781842195291 | ||
| 035 | _a(Sirsi) u148165 | ||
| 041 | 0 | _aeng | |
| 050 | 0 | 4 | _a380.1 $2 18 |
| 110 | 2 |
_aRoyal Institution of Chartered Surveyors _bReal Estate Auction Group _94349 |
|
| 245 |
_aCommon auction conditions _bfor auctions of real estate in England and Wales _h[electronic resource] |
||
| 250 | _a3rd ed. | ||
| 260 |
_aLondon _bRICS _c2009 |
||
| 505 | 0 | _aIntroduction -- Glossary -- Auction conduct conditions -- General conditions of sale -- Special conditions of sale | |
| 520 | _aAn updated edition of the Common Auction Conditions, written in response to feedback and suggestions received since 2005, and the widespread consultation process conducted over the last six months. The conditions have been produced for real estate auctions in England and Wales in the hope that they will be adopted by most auction houses and set a common standard across the industry. | ||
| 520 | _aSupersedes second edition (ISBN 1842192388). | ||
| 590 | _aKA | ||
| 650 | 2 | 4 | _aRICS COMMON AUCTION CONDITIONS FOR AUCTIONS OF REAL ESTATE IN ENGLAND AND WALES |
| 651 | 4 |
_aEngland and Wales _y1543- |
|
| 690 |
_aAuctioneering _96218 |
||
| 856 | 4 | 0 |
_uhttps://www.rics.org/site/scripts/download_info.aspx?downloadID=3314 _zView the conditions free of charge at www.rics.org... |
| 942 | _n0 | ||
| 999 |
_c109924 _d109924 |
||